| 000 | 02075cam a2200301 i 4500 | ||
|---|---|---|---|
| 003 | SA-RiAUC | ||
| 005 | 20250628041244.0 | ||
| 008 | 250627s1977 ua af g 000 0 ara c | ||
| 024 | 0 | _a00000000870555 | |
| 040 |
_aSA-JeALM _bara _cSA-RiAUC _dAE-DuMBRL _erda |
||
| 043 |
_aa-su--- _aa-iq--- |
||
| 082 | 0 | 4 |
_a371.071 _qSA-RiAUC |
| 090 |
_a371.071 _bم ع ر |
||
| 100 | 1 |
_aمعروف، ناجي، _d1910-1977 _eمؤلف. |
|
| 245 | 1 | 2 |
_aالمدارس الشرابية ببغداد وواسط ومكة / _cتأيلف الدكتور ناجي معروف. |
| 250 | _aالطبعة الثانية، مزيدة ومنقحة ومصححة مع 59 لوحة. | ||
| 264 | 1 |
_aالقاهرة : _bدار الشعب، _c1975 |
|
| 300 |
_a507 صفحة : _bإيضاحيات ؛ _c24 × 17 سم |
||
| 336 |
_aنص _btxt _2rdacontent _3كتاب |
||
| 337 |
_aبدون وسيط _bn _2rdamedia |
||
| 338 |
_aمجلد _bnc _2rdacarrier |
||
| 520 | _aإن هذا الكتاب يبحث في حياة شخصية لامعة من شحصیات العراق، في أواخر الدولة العباسية، هي شخصية أبي الفضائل شرف الدولة إقبال الشرابd، الذي كان له أثر فعال في تسيير شؤون الخلافة العباسية في عهد الخليفتين العباسيين الأخيرين : المستنصر بالله وابنه المستعصم بالله، لقد كان إقبال الشرابي مقدم الجيوش العباسية على عهدهما، وقد دافع التتر وحاربهم خلال ربع قرن من الزمن، ولم يتجرأ المغول على احتلال بغداد وتدميرها إلا بعد وفاته بنحو ثلاث سنوات. | ||
| 650 | 7 |
_aالمدارس الدينية الإسلامية _zالعراق _zبغداد _2aucsh |
|
| 650 | 7 |
_aالمدارس الدينية الإسلامية _zالعراق _zواسط _2aucsh |
|
| 650 | 7 |
_aالمدارس الدينية الإسلامية _zمكة المكرمة _2aucsh |
|
| 942 |
_2ddc _cBOOK _n0 |
||
| 949 |
_aSA-JeALM _d250627 _umohamedma123 _n1 |
||
| 999 |
_c9271 _d9271 |
||